000 00512nam a2200097Ia 4500
008 170517s9999 xx 000 0 und d
245 _aDesign the New Business
300 _aDesign and business can no longer be thought of as distinct activities with individual goals. Design the New Business is a film dedicated to investigating how designers and business people are working together in new ways to solve the...
650 _xBusiness and Economics.
856 _uhttp://topdocumentaryfilms.com/design-new-business/
999 _c333249
_d333249